LIBRARY & INFORMATION CENTRE, KCAET, TAVANUR

ONLINE PUBLIC ACCESS CATALOGUE (OPAC)

Pacha kalarnna chuvappu : | kal noottandinte katha enteyum / (Record no. 18105)

MARC details
000 -LEADER
fixed length control field 00436nam a2200169 4500
003 - CONTROL NUMBER IDENTIFIER
control field OSt
008 - FIXED-LENGTH DATA ELEMENTS--GENERAL INFORMATION
fixed length control field 241004b |||||||| |||| 00| 0 eng d
020 ## - INTERNATIONAL STANDARD BOOK NUMBER
ISBN 9789359738109
041 ## - LANGUAGE CODE
Language code of text/sound track or separate title mal
082 ## - DEWEY DECIMAL CLASSIFICATION NUMBER
Classification number 923.2
Item number JAL/PA
100 ## - MAIN ENTRY--AUTHOR NAME
Personal name Jaleel, K. T.
245 ## - TITLE STATEMENT
Title Pacha kalarnna chuvappu :
Remainder of title kal noottandinte katha enteyum /
260 ## - PUBLICATION, DISTRIBUTION, ETC. (IMPRINT)
Place of publication Kannur :
Name of publisher Kairali Books
Year of publication 2023.
300 ## - PHYSICAL DESCRIPTION
Number of Pages 372p.
650 ## - SUBJECT ADDED ENTRY--TOPICAL TERM
Topical Term Biography
942 ## - ADDED ENTRY ELEMENTS (KOHA)
Koha item type Books
Holdings
Withdrawn status Lost status Damaged status Home library Current library Date acquired Source of acquisition Cost, normal purchase price Full call number Accession Number Koha item type
      KAUAET KAUAET 04/10/2024 Donated by KT Jaleel MLA 500.00 923.2 JAL/PA 26271 Books
      KAUAET KAUAET 03/09/2025 Donated by KT Jaleel MLA 500.00 923.2 JAL/PA 26325 Books
free website counter